| 000 | 00801nam a22001577a 4500 | ||
|---|---|---|---|
| 003 | OSt | ||
| 005 | 20151022170718.0 | ||
| 008 | 151022b xxu||||| |||| 00| 0 eng d | ||
| 040 | _cRUA | ||
| 082 | _aAVM CHE 2011 B100 Or.1 | ||
| 100 |
_92706 _aCHEA, RORTANA. |
||
| 245 | _aEffect of pyrantel and albendazole on toxocara vitulorum in cattle and buffalo cal ves at boribor district, kamponga chhnang province, ប្រសិទ្ធភាព PYRANTEL និង ALBENDAZOLE ក្នុងការទំលាក់បរាសិត TOXOCARA VITULORUM លើកូនគោ និងកូនក្របីក្នុងស្រុកបរិបូណ៍ ខេត្តកំពង់ឆ្នាំង. | ||
| 260 |
_aphnom phen _bRUA _c2011 |
||
| 300 |
_aXII,45p. _bill. _c29cm. |
||
| 942 |
_2ddc _cAVM |
||
| 999 |
_c2531 _d2531 |
||